LEADER 02525nas 2200817-a 450 001 996216555303316 005 20231213213019.0 011 $a1878-5808 035 $a(DE-599)ZDB2199045-1 035 $a(OCoLC)60638986 035 $a(CKB)954927002244 035 $a(CONSER)--2011236557 035 $a(EXLCZ)99954927002244 100 $a20050615b19961998 s-- - 101 0 $aeng 135 $aurun||||||||| 181 $ctxt$2rdacontent 182 $cc$2rdamedia 183 $acr$2rdacarrier 200 10$aFolding & design 210 $aLondon ;$aSan Francisco, CA $cCurrent Biology 300 $aRefereed/Peer-reviewed 311 $a1359-0278 517 3 $aFolding and design 531 $aFOLD DES 531 $aFOLDING AND DESIGN 531 1 $aFold. des. 606 $aProtein folding$vPeriodicals 606 $aRNA$xConformation$vPeriodicals 606 $aBiomolecules$xDesign$vPeriodicals 606 $aProtein engineering 606 $aProtein Engineering 606 $aProtein Folding 606 $aProteins$xanalysis 606 $aProtein Engineering$vPeriodicals 606 $aProtein Folding$vPeriodicals 606 $aProteins$xanalysis$vPeriodicals 606 $aProtéines$xRepliement$vPériodiques 606 $aARN$xConformation$vPériodiques 606 $aBiomolécules$xDesign$vPériodiques 606 $aTechnologie des protéines 606 $aProtein engineering$2fast$3(OCoLC)fst01079685 606 $aProtein folding$2fast$3(OCoLC)fst01079687 606 $aConformació de proteïnes$2thub 606 $aEnginyeria de proteïnes$2thub 606 $aRevistes electròniques$2thub 608 $aPeriodicals.$2fast 615 0$aProtein folding 615 0$aRNA$xConformation 615 0$aBiomolecules$xDesign 615 0$aProtein engineering. 615 2$aProtein Engineering 615 2$aProtein Folding 615 2$aProteins$xanalysis 615 2$aProtein Engineering 615 2$aProtein Folding 615 2$aProteins$xanalysis 615 6$aProtéines$xRepliement 615 6$aARN$xConformation 615 6$aBiomolécules$xDesign 615 6$aTechnologie des protéines. 615 7$aProtein engineering. 615 7$aProtein folding. 615 7$aConformació de proteïnes. 615 7$aEnginyeria de proteïnes. 615 7$aRevistes electròniques. 676 $a572/.633/05 906 $aJOURNAL 912 $a996216555303316 996 $aFolding & design$91891286 997 $aUNISA LEADER 03059nam 2200637Ia 450 001 9910784739303321 005 20230721030942.0 010 $a1-281-18744-5 010 $a9786611187446 010 $a1-84150-991-4 035 $a(CKB)1000000000404916 035 $a(EBL)327863 035 $a(OCoLC)476124808 035 $a(SSID)ssj0000168722 035 $a(PQKBManifestationID)11159588 035 $a(PQKBTitleCode)TC0000168722 035 $a(PQKBWorkID)10202781 035 $a(PQKB)11081243 035 $a(MiAaPQ)EBC327863 035 $a(Au-PeEL)EBL327863 035 $a(CaPaEBR)ebr10202473 035 $a(CaONFJC)MIL118744 035 $a(OCoLC)781396811 035 $a(EXLCZ)991000000000404916 100 $a20070903e20071999 uy 0 101 0 $aeng 135 $aurcn||||||||| 181 $ctxt 182 $cc 183 $acr 200 10$aHandwriting of the twentieth century$b[electronic resource] /$fRosemary Sassoon 205 $a2nd ed. 210 $aBristol, UK ;$aChicago $cIntellect$d2007 215 $a1 online resource (210 p.) 300 $aPreviously published: London ; New York : Routledge, 1999. 311 $a1-84150-178-6 320 $aIncludes bibliographical references (p. 201-204) and index. 327 $aFront Cover; Preliminary Pages; Contents; Chapter 1: The Influences on Contemporary Handwriting A Historical Perspective; Chapter 2: The Turn of the Century; Chapter 3: Learning from Copy Books; Chapter 4: Simplifying Letterforms; Chapter 5: Initiatives and Models From 1930; Chapter 6: Educational Attitudes Mid-Century; Chapter 7: Stylistic Issues After 1950; Chapter 8: Initiatives in the 1960's; Chapter 9: From 1970 to the National Curriculum; Chapter 10: The End of the Century; Chapter 11: Handwriting Around Europe; Chapter 12: America and Australia; Epilogue; References; Index; Back Cover 330 $aThe history of formal calligraphy has been thoroughly documented, and the demise of what people see as beautiful handwriting is frequently deplored, but the details of the teaching of this skill during this century have gone almost unrecorded. Everyday handwriting is ephemeral and school books soon disappear. The main purpose of this book is to create a historical record, however, techniques are illustrated that may be useful for teachers today, while the ever-changing views of the stylists provide examples, as well as a warning, to those who plan for the future. An individual sample of handwriting... 606 $aPenmanship$xHistory$y20th century 606 $aWriting$xHistory$y20th century 606 $aPaleography 606 $aPaleography, English 615 0$aPenmanship$xHistory 615 0$aWriting$xHistory 615 0$aPaleography. 615 0$aPaleography, English. 676 $a652.10904 700 $aSassoon$b Rosemary$01472173 801 0$bMiAaPQ 801 1$bMiAaPQ 801 2$bMiAaPQ 906 $aBOOK 912 $a9910784739303321 996 $aHandwriting of the twentieth century$93845226 997 $aUNINA